01083nam a2200241Ia 4500001000600000003000900006008004100015040001300056040001300069041001300082100002100095100002900116245006200145245005900207250001100266260001100277260001200288260004900300300005900349500038000408650002200788650003100810F9131IT-RoPAU130308s9999 xx 000 0 und d aIT-RoPAU cIT-RoPAU aITALIANO aGandini Leonardo gCodice Aut. SPICS: 21334 aRegia (La). Il difficile cammino del nome sopra il titolo bStoria del Cinema Mondiale-Ii-Gli Stati Uniti (Tomo 1) a1a ed. aTORINO bEinaudi c1999 [1° Ed.:1999 - Ed.Ling.Originale:1999] a"25 p. (prefazione: no ; testo: 25 [pagine: 669-693])" aGriffith e l'affermazione della regia nel Cinema Americano. Dal Teatro al Cinema: Cecil B. Demille. Eric Von Stroheim e la regia Come Arte. regia e Lavoro Sul Set. Arrivo dei registi Europei. ruolo del regista Dopo l'affermazione del Sonoro. Frank Capra e Il Nome sopra Il Titolo. John Ford e Il montaggio in Macchina. Alfred Hitchcock, Orson Welles e I Film di un Solo Uomo. aSTORIA DEL CINEMA eCodice materia Spics: 6808